Eastern Utah Libraries Catalog: Duchesne, Heber, Roosevelt, & Vernal

The housekeeper's secret / (Record no. 403263)

MARC details
000 -LEADER
fixed length control field 01982pam a2200361 i 4500
001 - CONTROL NUMBER
control field 2024015443
003 - CONTROL NUMBER IDENTIFIER
control field DLC
005 - DATE AND TIME OF LATEST TRANSACTION
control field 20250102161620.0
008 - FIXED-LENGTH DATA ELEMENTS--GENERAL INFORMATION
fixed length control field 240404t20242024nyu 000 1 eng
010 ## - LIBRARY OF CONGRESS CONTROL NUMBER
LC control number 2024015443
020 ## - INTERNATIONAL STANDARD BOOK NUMBER
International Standard Book Number 9781250272621
Qualifying information (hardcover)
020 ## - INTERNATIONAL STANDARD BOOK NUMBER
Cancelled/invalid ISBN 9781250272638
Qualifying information (ebook)
040 ## - CATALOGING SOURCE
Original cataloging agency DLC
Language of cataloging eng
Description conventions rda
Transcribing agency DLC
Modifying agency TnLvILS
042 ## - AUTHENTICATION CODE
Authentication code pcc
043 ## - GEOGRAPHIC AREA CODE
Geographic area code e-uk-en
-- e-uk---
092 ## - LOCALLY ASSIGNED DEWEY CALL NUMBER (OCLC)
Classification number adult fiction
Item number Grey
100 1# - MAIN ENTRY--PERSONAL NAME
Personal name Grey, Iona,
Relator term author.
9 (RLIN) 6070686
245 14 - TITLE STATEMENT
Title The housekeeper's secret /
Statement of responsibility, etc Iona Grey.
250 ## - EDITION STATEMENT
Edition statement First edition.
264 #1 - Production, Publication, Distribution, Manufacture, and Copyright Notice.
Place of production, publication, distribution, manufacture New York :
Name of producer, publisher, distributor, manufacturer St. Martin's Press,
Date of production, publication, distribution, manufacture, or copyr 2024.
264 #4 - Production, Publication, Distribution, Manufacture, and Copyright Notice.
Date of production, publication, distribution, manufacture, or copyr ©2024.
300 ## - PHYSICAL DESCRIPTION
Extent 368 pages ;
Dimensions 24 cm.
336 ## - Content Type
Content type term text
337 ## - Media type
Media type term unmediated
338 ## - Carrier type
Carrier type term volume
520 ## - SUMMARY, ETC.
Summary, etc "Standing in the remote windswept moors of Northern England, Coldwell Hall is the perfect place to hide. For the past five years, Kate Furniss has maintained her professional mask so carefully that she almost believes she is the character she has created: Coldwell's respectable housekeeper. It is the summer of 1911 that brings new faces above and below the stairs of Coldwell Hall-including the handsome and mysterious new footman, Jem Arden. Just as the house's shuttered rooms open, so does Kate's guarded heart to a love affair that is as intense as it is forbidden. But Kate can feel her control slipping as Jem harbors secrets of his own. Told in alternating timelines from the last sun-drenched summer of the Edwardian Age to the mud-filled trenches of WWI, The Housekeeper's Secret opens its door to a world of romance, the truths we hold onto, and the past we must let go."--
650 #0 - SUBJECT ADDED ENTRY--TOPICAL TERM
Topical term or geographic name as entry element World War, 1914-1918
Geographic subdivision England
Form subdivision Fiction.
9 (RLIN) 5717350
651 #0 - SUBJECT ADDED ENTRY--GEOGRAPHIC NAME
Geographic name Great Britain
General subdivision History
Chronological subdivision Edward VII, 1901-1910
Form subdivision Fiction.
9 (RLIN) 5762442
655 #7 - INDEX TERM--GENRE/FORM
Genre/form data or focus term Historical fiction.
Source of term lcgft.
655 #7 - INDEX TERM--GENRE/FORM
Genre/form data or focus term Romance fiction.
Source of term lcgft.
655 #7 - INDEX TERM--GENRE/FORM
Genre/form data or focus term Novels.
Source of term lcgft.
942 ## - ADDED ENTRY ELEMENTS (KOHA)
Source of classification or shelving scheme Dewey Decimal Classification
Koha item type BOOK
Holdings
Withdrawn status Lost status Source of classification or shelving scheme Damaged status Not for loan Collection code Home library Current library Shelving location Date acquired Source of acquisition Total Checkouts Total Renewals Full call number Barcode Date last seen Date checked out Cost, replacement price Price effective from Koha item type
    Dewey Decimal Classification     Fiction Wasatch County Library Wasatch County Library First Floor 01/02/2025 Amazon 5 6 F Grey 34301002141879 11/18/2025 10/29/2025 29.00 01/02/2025 BOOK
This project was made possible through a grant from the Institute of Museum and Library Service administered by the Utah State Library Division.

Wasatch County Library

  • 465 East 1200 South, Heber City, Utah 84032
  • Phone 435-654-1511 | Fax 435-654-6456

Hours

  • Monday - Friday 9:30 AM - 8:00 PM
  • Saturday 9:30 AM - 1:30 PM
  • Closed Sundays and Holidays